| 000 | 01155cam a2200337 i 4500 | ||
|---|---|---|---|
| 001 | 26195 | ||
| 003 | Mx-PuUPA | ||
| 005 | 20250521150647.0 | ||
| 008 | 140415s2013 mx gr 001 0 spa d | ||
| 020 | _a9786073119399 | ||
| 040 |
_aMx-PuUPA _cMx-PuUPA _bspa _dMx-PuUPA _erda |
||
| 041 | 0 | _aspa | |
| 043 | _an-mx--- | ||
| 100 | 1 |
_aCansino Ortiz, César, _917002 _eautor |
|
| 245 | 1 | 3 |
_aEl evangelio de la transición y otras quimeras de presente mexicano / _cCésar Cansino |
| 250 |
_aPrimera edición / _bdiciembre |
||
| 264 | 1 |
_aMéxico, D. F. : _bGrijalbo, _c©2013 |
|
| 300 |
_a291 páginas ; _c19 cm |
||
| 336 |
_2rdacontent _atexto _btxt |
||
| 337 |
_2rdamedia _asin medio _bn |
||
| 338 |
_2rdacarrier _avolumen _bnc |
||
| 490 | 0 | _aPara entender al país | |
| 650 | 7 |
_2armarc _aPolítica mexicana _vCrítica _ySiglo XXI |
|
| 650 | 7 |
_2armarc _aCiencias políticas _zMéxico |
|
| 651 |
_aMéxico _xPolítica y gobierno 2000 |
||
| 942 |
_2ddc _cLI _h320.09720905 _iC22 |
||
| 999 |
_c26195 _d26195 |
||